Normal view
MARC view
- ELECTRONIC NETWORK SYNTHESIS ELECTRIC CIRCUIT
Entry Topical Term
001 - CONTROL NUMBER
- control field: 76394
003 - CONTROL NUMBER IDENTIFIER
- control field: NUST
005 - DATE AND TIME OF LATEST TRANSACTION
- control field: 20210628205634.0
008 - FIXED-LENGTH DATA ELEMENTS
- fixed length control field: 210628|| aca||aabn | a|a d
040 ## - CATALOGING SOURCE
- Original cataloging agency: NUST
- Transcribing agency: NUST
150 ## - HEADING--TOPICAL TERM
- Topical term or geographic name entry element: ELECTRONIC NETWORK SYNTHESIS ELECTRIC CIRCUIT
670 ## - SOURCE DATA FOUND
- Source citation: Work cat.: (NUST): LAPOTRA, J. W,TEMES, G. C 76393, INTRODUCTION TO CIRCUIT SYNTHESIS AND DESIGN, 1977
